| 000 | 00521nam a2200145Ia 4500 | ||
|---|---|---|---|
| 008 | 181023s9999 xx 000 0 und d | ||
| 020 | _a9780730345374 | ||
| 100 | _aSalicru, Sebastian. | ||
| 245 |
_cSebastian Salicru.-- _aLeadership results : _bhow to create adaptive leaders and high-performing organisations for an uncertain world / |
||
| 260 |
_aUSA : _bWiley _c2017 |
||
| 300 | _axlii, 347 pages. | ||
| 500 | _aIncludes bibliographic references and index. | ||
| 650 | _aCorporate governance. | ||
| 650 | _aLeadership. | ||
| 999 |
_c359349 _d359349 |
||